MARC details
| 000 -CABECERA |
| campo de control de longitud fija |
01523cam a2200277 a 4500 |
| 001 - NÚMERO DE CONTROL |
| campo de control |
000014312 |
| 003 - IDENTIFICADOR DEL NÚMERO DE CONTROL |
| campo de control |
DO-SdBNP |
| 005 - FECHA Y HORA DE LA ÚLTIMA TRANSACCIÓN |
| campo de control |
20251118121326.0 |
| 008 - DATOS DE LONGITUD FIJA--INFORMACIÓN GENERAL |
| campo de control de longitud fija |
731009s1971 ve a 000 0 spa |
| 035 ## - NÚMERO DE CONTROL DEL SISTEMA |
| Número de control de sistema |
(DLC) 72326200 |
| 035 ## - NÚMERO DE CONTROL DEL SISTEMA |
| Número de control de sistema |
(OCoLC)713559 |
| 040 ## - FUENTE DE LA CATALOGACIÓN |
| Centro catalogador/agencia de origen |
DO-SdBNP |
| Lengua de catalogación |
spa |
| Centro/agencia transcriptor |
BNPHU |
| Centro/agencia modificador |
OCoLC |
| -- |
DLC |
| 049 ## - FONDOS LOCALES (OCLC) |
| Fondos de biblioteca |
BNGR |
| 082 ## - NÚMERO DE LA CLASIFICACIÓN DECIMAL DEWEY |
| Número de clasificación |
332.11 |
| Número de documento/Ítem |
L879s |
| 100 1# - ENTRADA PRINCIPAL--NOMBRE DE PERSONA |
| Nombre de persona |
Losada, Benito Raúl, |
| Fechas asociadas al nombre |
1923- |
| 9 (RLIN) |
32276 |
| 245 10 - MENCIÓN DE TÍTULO |
| Título |
Síntesis monetaria / |
| Mención de responsabilidad, etc. |
Benito Raúl Losada. |
| 260 ## - PUBLICACIÓN, DISTRIBUCIÓN, ETC. |
| Lugar de publicación, distribución, etc. |
Caracas : |
| Nombre del editor, distribuidor, etc. |
Banco Central de Venezuela, |
| Fecha de publicación, distribución, etc. |
1971. |
| 300 ## - DESCRIPCIÓN FÍSICA |
| Extensión |
xvi, 159 p. : |
| Otras características físicas |
il. ; |
| Dimensiones |
24 cm. |
| 490 1# - MENCIÓN DE SERIE |
| Mención de serie |
Aniversario |
| Designación de volumen o secuencia |
30 |
| 505 0# - NOTA DE CONTENIDO CON FORMATO |
| Nota de contenido con formato |
Benito Raúl Losada: Curriculum vitae -- Prólogo, por A. Machado Gómez -- Venezolana Política monetaria -- Politica de tenencia de reservas-- Cooperación financiera entre bancos, centrales -- Discurso pronunciado en nombre de los gobernadores latinoamericanos en la asamblea anual del Fondo Monetario Internacional, Washington, 2 de octubre de 1968 -- Alternativas en el manejo de reservas -- Consideraciones sobre los tipos de cambio fluctuantes -- Declaraciones sobre la evolución de la economía venezolana Durante 1968 -- Declaraciones sobre la evolución de la economía venazolana Durante 1969 -- Declaraciones sobre la evolución de la economía venezolana Durante 1970. |
| 650 #4 - PUNTO DE ACCESO ADICIONAL DE MATERIA--TÉRMINO DE MATERIA |
| Término de materia o nombre geográfico como elemento de entrada |
Bancos centrales |
| Subdivisión geográfica |
Venezuela. |
| 9 (RLIN) |
54908 |
| 651 #4 - PUNTO DE ACCESO ADICIONAL DE MATERIA--NOMBRE GEOGRÁFICO |
| Nombre geográfico |
Venezuela |
| Subdivisión general |
Condiciones económicas |
| Subdivisión cronológica |
1918-1958. |
| 9 (RLIN) |
30367 |
| 830 #0 - PUNTO DE ACCESO ADICIONAL DE SERIE-TÍTULO UNIFORME |
| Título uniforme |
Aniversario ; |
| Designación de volumen o secuencia |
30 |
| 9 (RLIN) |
32278 |
| 910 ## - DATOS DE OPCIÓN DEL USUARIO (OCLC) |
| Datos de opción del usuario |
Catalogación por copia/LC |
| 942 ## - ELEMENTOS DE PUNTO DE ACCESO ADICIONAL (KOHA) |
| Fuente del sistema de clasificación o colocación |
Dewey Decimal Classification |
| Tipo de ítem Koha |
Libro |